<?xml version="1.0" encoding="UTF-8"?>
<record
    xmlns:xsi="http://www.w3.org/2001/XMLSchema-instance"
    xsi:schemaLocation="http://www.loc.gov/MARC21/slim http://www.loc.gov/standards/marcxml/schema/MARC21slim.xsd"
    xmlns="http://www.loc.gov/MARC21/slim">

  <leader>05206nam a22003137a 4500</leader>
  <controlfield tag="005">20121023154121.0</controlfield>
  <controlfield tag="008">121023t        xxu||||| |||| 00| 0 eng d</controlfield>
  <datafield tag="010" ind1=" " ind2=" ">
    <subfield code="a">ENG-106122</subfield>
  </datafield>
  <datafield tag="020" ind1=" " ind2=" ">
    <subfield code="a">9781259028700</subfield>
    <subfield code="c">225.00</subfield>
  </datafield>
  <datafield tag="020" ind1=" " ind2=" ">
    <subfield code="a">1259028704</subfield>
    <subfield code="c">225.00</subfield>
  </datafield>
  <datafield tag="035" ind1=" " ind2=" ">
    <subfield code="a">EN-89655</subfield>
  </datafield>
  <datafield tag="037" ind1=" " ind2=" ">
    <subfield code="b">DBAD/PUB</subfield>
  </datafield>
  <datafield tag="040" ind1=" " ind2=" ">
    <subfield code="a">DPL</subfield>
    <subfield code="b">Eng</subfield>
  </datafield>
  <datafield tag="082" ind1="0" ind2="0">
    <subfield code="a">658.4056</subfield>
    <subfield code="2">23</subfield>
  </datafield>
  <datafield tag="100" ind1="1" ind2=" ">
    <subfield code="a">Bernstein, Jonathan</subfield>
    <subfield code="q">(Jonathan L.)</subfield>
    <subfield code="9">53313</subfield>
  </datafield>
  <datafield tag="245" ind1="1" ind2="0">
    <subfield code="a">Manager's guide to crisis management /</subfield>
    <subfield code="c">by  Jonathan Bernstein ; with Bruce Bonafede</subfield>
  </datafield>
  <datafield tag="260" ind1=" " ind2=" ">
    <subfield code="a">New  Delhi</subfield>
    <subfield code="b">tata McGraw-Hill</subfield>
    <subfield code="c">2012</subfield>
  </datafield>
  <datafield tag="270" ind1=" " ind2=" ">
    <subfield code="a">7 West Patel Nagar</subfield>
    <subfield code="b">New Delhi</subfield>
    <subfield code="e">110008</subfield>
  </datafield>
  <datafield tag="300" ind1=" " ind2=" ">
    <subfield code="a">xi,169p. :</subfield>
    <subfield code="b">ill. </subfield>
    <subfield code="c">23cm(pbk)</subfield>
  </datafield>
  <datafield tag="490" ind1="1" ind2=" ">
    <subfield code="a">Briefcase books</subfield>
    <subfield code="9">53314</subfield>
  </datafield>
  <datafield tag="500" ind1=" " ind2=" ">
    <subfield code="a">Includes index.</subfield>
  </datafield>
  <datafield tag="505" ind1="0" ind2=" ">
    <subfield code="a">Machine generated contents note: 1.The Importance of Crisis Management -- Types of Crises -- What Is a Stakeholder? -- How Crisis Management Can Benefit Your Business or Organization -- Crisis Management and Traditional Public Relations -- Similarities and Differences -- Crisis Management and the C-Suite -- Manager's Checklist for Chapter 1 -- 2.Crisis Prevention -- The Best Way to Manage a Crisis Is to Prevent It -- The Best Way to Prevent a Crisis Is to Anticipate -- Typical Audit Questions -- How a Vulnerability Audit Is Conducted -- Do-It-Yourself Audits -- A Case History: Audit Benefits -- Manager's Checklist for Chapter 2 -- 3.Crisis Planning -- Crisis Plan Essentials -- Anticipate Crises -- Don't Go Plan Crazy -- Evaluating Your Existing Crisis Plan -- 10 Questions -- "It Can't Happen to Me" -- Manager's Checklist for Chapter 3 -- 4.Crisis Training -- What Good Is a Plan Nobody Knows About? -- Types of Training -- Media Training -- What You Learn from Media Training -- What Makes a Good Spokesperson? -- Don't Go It Alone -- Media Training the Untrainable -- Manager's Checklist for Chapter 4 -- 5.Crisis Drills -- How Drills Help -- Types of Crisis Drills -- Drills and the Media -- Methods of Practice -- Manager's Checklist for Chapter 5 -- 6.Crisis Response -- The Five Tenets of Crisis Communications -- External Communications -- The Media -- External Communications -- Beyond the Media -- The Forgotten Stakeholders -- Internal Communication -- Manager's Checklist for 6 -- 7.Crisis Messaging -- Messaging -- General Guidelines -- Messaging -- Specific Guidelines -- Manager's Checklist for Chapter 7 -- 8.Crisis Recovery -- Step One Determine the Damage -- Step Two Conduct a Post-Crisis Analysis -- Step Three Do a Vulnerability Audit -- Manager's Checklist for Chapter 8 -- 9.Online Reputation Management -- The Impact of the Internet -- The I-Reporter -- Born of the Web -- Other Sources of Online Threats -- ORM Terms -- Who You Gonna Call? -- Examples of Online Reputation Threats -- Online Reputation Management -- The Strategic Side -- Safeguards -- Dealing with Internet Critics -- Education and Reorientation -- The Role of SEO in Online Reputation Management -- Manager's Checklist for Chapter 9 -- 10.Crisis Management and the Law -- Integrating Crisis Management and Legal Strategy -- Common Ground in the Legal vs. Crisis Management Debate -- Trial by Media -- An Attorney's Worst Nightmare -- Educating the Jury Pool -- Manager's Checklist for 10 -- 11.Crisis Management and the Publicly Owned Company -- The Communications Pros and Cons of Public Companies -- How a Public Company Should Respond to a Crisis -- How the Board Can Help ... or Hurt -- The Danger of Ignoring Threats -- Mergers and Acquisitions -- On the Positive Side -- Manager's Checklist for Chapter 11 -- 12.Cultural Issues in Crisis Management -- The Reason? Your Stakeholders -- How to Manage a Crisis with Multicultural Stakeholders -- Manager's Checklist for Chapter 12 -- 13.Crisis Management Tools -- Connectivity and Accessibility -- Staying Online -- Okay, You're Online ... Now What? -- As to Social Media ... -- The In-Person Approach -- A Tool Not to Be Forgotten -- Emergency Preparedness Checklist for Small Businesses -- Manager's Checklist for Chapter 13 -- 14.Crisis Management Consultants -- How Do Crisis Management Consultants Operate? -- Hiring a Crisis Management Consultant -- Hiring a Web Consultant -- Contracting with a Crisis Communications Consultant -- Working with a Consultant -- Manager's Checklist for Chapter 14 -- 15.Special Crisis Management Risks -- When You're Targeted by the Media -- Keeping the Media Out of the Trash -- Handling the Ambush Interview -- When You're Targeted by Activists -- When You're Targeted by an Official Investigation -- Manager's Checklist for Chapter 15 -- 16.Moral Imperatives and the Future of Crisis Management -- The Future of Crisis Management -- Where Do You Fit In? -- Manager's Checklist for Chapter 16.</subfield>
  </datafield>
  <datafield tag="650" ind1=" " ind2="0">
    <subfield code="a">Crisis management.</subfield>
    <subfield code="9">53315</subfield>
  </datafield>
  <datafield tag="700" ind1="1" ind2=" ">
    <subfield code="a">Bonafede, Bruce</subfield>
    <subfield code="9">53316</subfield>
  </datafield>
  <datafield tag="830" ind1=" " ind2="0">
    <subfield code="a">Briefcase book.</subfield>
    <subfield code="9">53317</subfield>
  </datafield>
  <datafield tag="942" ind1=" " ind2=" ">
    <subfield code="2">ddc</subfield>
    <subfield code="c">EN</subfield>
    <subfield code="h">658.4056</subfield>
    <subfield code="m">BER</subfield>
  </datafield>
  <datafield tag="999" ind1=" " ind2=" ">
    <subfield code="c">71056</subfield>
    <subfield code="d">71056</subfield>
  </datafield>
  <datafield tag="952" ind1=" " ind2=" ">
    <subfield code="0">0</subfield>
    <subfield code="1">0</subfield>
    <subfield code="2">ddc</subfield>
    <subfield code="4">0</subfield>
    <subfield code="7">1</subfield>
    <subfield code="8">NFIC</subfield>
    <subfield code="a">DBAD</subfield>
    <subfield code="b">DBAD</subfield>
    <subfield code="d">2012-10-23</subfield>
    <subfield code="e">DBAD/PUB</subfield>
    <subfield code="g">225.00</subfield>
    <subfield code="l">0</subfield>
    <subfield code="o">658.4056 BER</subfield>
    <subfield code="p">EN-89655</subfield>
    <subfield code="r">2012-10-23 00:00:00</subfield>
    <subfield code="t">1</subfield>
    <subfield code="v">225.00</subfield>
    <subfield code="w">2012-10-23</subfield>
    <subfield code="y">EN</subfield>
  </datafield>
</record>
